| 000 | 00408cam a2200145ua 4500 | ||
|---|---|---|---|
| 041 |
_aeng _h |
||
| 082 |
_a321.4 _bSCO/DE |
||
| 100 | _aScoot, John . | ||
| 245 |
_aDemocracy,is not Enough: A personal survey of the hungry world / _cScoot, John. _hTextual Documents |
||
| 260 |
_aNew York : _bHarcourt, Brace and Company , _c1960. |
||
| 300 | _a186 ; . | ||
| 504 | _a | ||
| 942 | _cBK | ||
| 999 |
_c12472 _d12472 |
||